| 000 | 00407nam a2200133Ia 4500 | ||
|---|---|---|---|
| 008 | 220216s9999 xx 000 0 und d | ||
| 100 | _aGhosh D K | ||
| 245 | 0 | _aExcellence in shop-floor quality management | |
| 260 | _bRUBCON 2002: Proceedings of the Indian Rubber Conference January 12-13. pp.95-99 | ||
| 650 | _aQuality management | ||
| 650 | _aShop-floor quality | ||
| 700 | _aBanerjee B | ||
| 942 | _cJS | ||
| 999 |
_c59074 _d59074 |
||